000
00382nam a2200181Ia 4500
005
20250603144604.0
008
250603s9999 xx 000 0 und d
020
_a
058240830X
050
_a
PZ 7 .T39 B73/
100
_a
Taylor, Nancy
245
0
_a
Brad Pitt
260
_a
Madrid
260
_b
Longman
260
_c
2000
300
_a
23 p
650
_a
Madrid
942
_c
BK
999
_c
39369
_d
39369